00779 2200241 4500001002100000005001500021035002000036007000300056008004100059020000600100082001100106084001800117245016000135250001100295260003100306300002700337650001900364650002400383650003000407110004900437856003400486990001700520INLIS00000000000130320260414100105 a0010-0426000001ta260414 | | ind  a- a631.61 a631.61 BAL d1 aDigitalisasi Pemetaan Lahan menggunakan Fields Area Measure :bTransformasi Digital: Pelaporan Luas Areal Pertanian Berbasis Sistem Informasi Gegrafi (SIG) aCet. 1 aBogor :bBBRMP SDLP,c2026 a27 hlm. :bill .; tab. 4aPemetaan Lahan 4aFields Area Measure 4aSistem Informasi Geografi0 aBALAI BESAR BRMP Sumber Daya Lahan Pertanian aPerpustakaan Sekretariat BRMP a3518/2026/CD